Longest Title Reigns in the UFC - Statistics

General Stats
  • This quiz has been taken 23 times
  • The average score is 4 of 5
Answer Stats
Days Answer Division % Correct
2457 Anderson Sillva MW
95%
2064 Georges St-Pierre WW
86%
2142 Demetrius Johnson FLW
81%
1848 José Aldo FTW
81%
1981 Amanda Nunes W-BW
71%
No matching quizzes found
Score Distribution
Percent of People with Each Score
Percentile by Number Answered
Your Score History
You have not taken this quiz